logo

Bir Sreshtho Munshi Abdur Rouf Library
Jhenaidah Cadet College

অ্যালবার্ট আইনস্টাইন / (Record no. 13147)

MARC details
000 -LEADER
fixed length control field 00903nam a2200253 a 4500
001 - CONTROL NUMBER
JCCL Control Number 13147
003 - CONTROL NUMBER IDENTIFIER
JCCL marc code BD-JhCC
005 - DATE AND TIME OF LATEST TRANSACTION
control field 20230712110902.0
008 - FIXED-LENGTH DATA ELEMENTS--GENERAL INFORMATION
fixed length control field 221102s20182019bg a|||| ||a| 000 0 ben d
020 ## - INTERNATIONAL STANDARD BOOK NUMBER
International Standard Book Number 9789844290617
035 ## - SYSTEM CONTROL NUMBER
system control number (BD-JhCC)13147
040 ## - CATALOGING SOURCE
Original cataloging agency BD-JhCC
Modifying agency BD-JhCC
041 ## - LANGUAGE CODE
Language code of Book bengali
082 ## - DEWEY DECIMAL CLASSIFICATION NUMBER
Classification number 923
Author mark and Year PER 2019
100 ## - MAIN ENTRY--PERSONAL NAME
Personal name পেয়ার, ক্যাথরিন ওয়েনস
245 ## - TITLE STATEMENT
Title অ্যালবার্ট আইনস্টাইন /
Statement of responsibility, etc ক্যাথরিন ওয়েনস পেয়ার, সম্পা: হাসান মেহেদী।
260 ## - PUBLICATION, DISTRIBUTION, ETC. (IMPRINT)
Place of publication, distribution, etc ঢাকা :
Name of publisher, distributor, etc বাংলা প্রকাশ;
Date of publication, distribution, etc ২০১৯.
300 ## - PHYSICAL DESCRIPTION
Pagination ১৯১ পৃ. :
Dimensions ২১ সেমি..
600 ## - SUBJECT ADDED ENTRY--PERSONAL NAME
Personal name Einstein, Albert
651 ## - SUBJECT ADDED ENTRY--GEOGRAPHIC NAME
Geographic name Biography.
700 ## - ADDED ENTRY--PERSONAL NAME
Personal name মেহেদী, হাসান
942 ## - ADDED ENTRY ELEMENTS (KOHA)
Source of classification or shelving scheme Dewey Decimal Classification
Koha item type Books
Holdings
Source of classification or shelving scheme Damaged status Not for loan Home library Current library Shelving location Date of accession Cost, normal purchase price Total Checkouts Full call number Barcode Date last seen Date checked out Copy number Method of acquisition Koha item type Currency
Dewey Decimal Classification     JCC Rouf Library JCC Rouf Library General Stacks 06/16/2023 350.00 1 923 PER 2019 17871 02/15/2024 02/01/2024 C-1 Purchase Books BDT

JCC Library | Contacts | JCC Home

Last Update on 23 September 2017
Copyright @ 2017-2020 JCC Rouf Library
Rouf Library, Jhenidah Cadet College (JCC), Bangladesh